000 00217nam a2200097Ia 4500
008 240331s9999 xx 000 0 und d
082 _bESS
100 _aEyal, A. ed
245 0 _aEssays in postmodern culture
942 _cL
999 _c1589
_d1589